Statistiques concernant TOP 15 des régions de vignobles

Cliquez ici pour prendre le quiz!

Statistiques générales

  • Ce quiz a été pris 122 fois
  • Le résultat moyen est 6 sur 16

Statistiques - réponses

Vignoblesuperficie (km²)production (M bout.)% Correct
Bourgogne283185
83%
Champagne337307
69%
Bordelais1120720
68%
Alsace156150
66%
Beaujolais157100
55%
Provence260185
50%
Corse7049
39%
Jura1910
38%
Languedoc-Roussillon22601680
33%
Val de Loire650380
31%
Sud-Ouest500450
30%
Vallée du Rhône700376
29%
Lorraine1.8
14%
Charentes
8%
Lyonnais2.61.3
5%
Savoie-Bugey22.716
5%

Distribution des résultats

Percentile par nombre de réponses

% des personnes avec chaque résultat

Votre développement - résultats

Vous n’avez pas pris ce quiz